00886nab a2200253 uc450000100070000000500170000700800410002403500110006503500210007604000130009704100080011010000330011824501190015165000240027065000260029465000280032065000220034865000170037065000310038765100210041870000320043970000310047177301300050264635220250312092716.0010214e19991201 eng  a646352 a(OCoLC)819881132 ccomduadb aeng10aRomano, Marcelo C.4auteaut10aBehavior and demography in an urban colony of Tadarida brasiliensis (Chiroptera: Molossidae) in Rosario, Argentina 7aQuirópteros2lemb 7aConducta animal2lemb 7aEcología animal2lemb aVirus de la rabia 7aVirosis2dcs aMurciélagos : Chiroptera 7aArgentina2embne10aMaidagan, Juan I.4auteaut10aPire, Eduardo F.4auteaut0 tRevista de Biología Tropical (San José)gVolumen 47, Número 04, Diciembre 1999, p. 1221-1227w104773x0034-7744091049